| Registos Bibliográficos associados ao registo de autoridade |
|
Etiqueta de registo: 00230nam 2200025 450 001 1755606 003 http://id.bnportugal.gov.pt/bib/catbnp/1755606 100 ## $a20100907d2007 k y0pory0103 ba 101 0# $apor 102 ## $aPT 105 ## $aa m 000yy 106 ## $ar 200 1# $aEstratégias de desenho no projecto de design$e um estudo sobre o uso do desenho como recurso instrumental e criativo ao serviço
do pensamento visual do designer de equipamento$fIsabel Maria Dâmaso Rodrigues 210 #9 $aLisboa$c[s.n.],$d2007 215 ## $a2 v.$cil.$d30 cm$ecurriculum vitae ([5] f.) 215 ## $a1disco óptico (CD-ROM) em caixa$cil.$d13 x 14 x 1cm 305 ## $aEd. impressa e em CD-ROM 320 ## $aContém bibliografia 327 1# $a[1º v.]: 210 f.$a[2º v.]: Anexo iconográfico. - 116 f. 328 #1 $aTese dout. Design de Equipamento, Fac. de Belas-Artes, Univ. de Lisboa, 2007 675 ## $a7.05(043)$vBN$zpor$3818439 675 ## $a7.01(043)$vBN$zpor$31221252 700 #1 $aRodrigues,$bIsabel Maria Dâmaso,$f1966-$31433887 801 #0 $aPT$bBN$gRPC 966 ## $lBN$mDEM$sB.A. 8342 P.$x1 966 ## $b001$d[1º v.]$lBN$mFGMON$sB.A. 32166 V.$x1 966 ## $b001$d[2º v.]$lBN$mFGMON$sB.A. 32167 V.$x1
Etiqueta de registo: 00000nam 2200025 450 001 1950890 003 http://id.bnportugal.gov.pt/bib/catbnp/1950890 100 ## $a20161215d2016 k y0pory01030103ba 101 0# $apor$deng 102 ## $aPT 105 ## $aa m 000yy 106 ## $ar 200 1# $aInterpolação projetual$eexplorando o expaço de possibilidades entre a menor complexidade e o maior desempenho$fJosé Alberto Almiro Viana$gorient. Paulo Jorge Martins Parra, Isabel Maria Dâmaso Rodrigues 210 #9 $aLisboa$c[s.n.],$d2016 215 ## $a281 p.$cil.$d30 cm 328 #1 $aTese dout. Belas-Artes (Design de Equipamento), Faculdade de Belas-Artes, Universidade
de Lisboa, 2016 675 ## $a7.05(043)$vBN$zpor$3818439 700 #1 $aViana,$bJosé Alberto Almiro$31665776 702 #1 $aParra,$bPaulo,$f1961-$4727$31434005 702 #1 $aRodrigues,$bIsabel Maria Dâmaso,$f1966-$4727$31433887 801 #0 $aPT$bBN$gRPC 966 ## $lBN$mFGMON$sB.A. 41229 V.$x1
Etiqueta de registo: 00254nam 2200025 450 001 2288577 003 http://id.bnportugal.gov.pt/bib/catbnp/2288577 100 ## $a20260623d2023 k y0pory01030103ba 101 0# $apor$deng 102 ## $aPT 105 ## $aa m 001yy 106 ## $ar 200 1# $a O legado design no quadro da transição linear-circular$ecaracterização dp design circular na linha evolutiva do design centrado no humano
e do objeto circular através da análise de tableware cerâmico$fCarla Maria Xavier Castanheta$gorient. Isabel Maria Dâmaso Rodrigues 210 #9 $aLisboa$c[s.n.],$d2023 215 ## $a434 p.$cil$d30 cm 328 #1 $aTese dout. Belas-Artes (Design de Equipamento), Faculdade de Belas-Artes da Universidade
de Lisboa, 2023 700 #1 $aCastanheta,$bCarla Maria Xavier$32001358 702 #1 $aRodrigues,$bIsabel Maria Dâmaso,$f1966-$4727$31433887 801 #0 $aPT$bBN$gRPC 971 ## $cisantos$d20260623
Etiqueta de registo: 00254nam 2200025 450 001 2288781 003 http://id.bnportugal.gov.pt/bib/catbnp/2288781 100 ## $a20260625d2025 k y0pory01030103ba 101 0# $aspa$dpor 102 ## $aPT 105 ## $aa z 001yy 106 ## $ar 200 1# $aArquetipos y fundamentos del diseño$ereconocimiento de los arquetipos precolombinos andinos en la formación de identidades
culturales y su integración como recurso creativo en el ámbito del diseño$fDiego Alejandro Chicaiza Ayala$gorient. Isabel Maria Dâmaso Rodrigues 210 #9 $aLisboa$c[s.n.],$d2025 215 ## $a2 v.$cil.$d30 cm 328 #1 $aTese dout. Belas-Artes (Design de Equipamento), Faculdade de Belas-Artes da Universidade
de Lisboa, 2025 700 #1 $aChicaiza Ayala,$bDiego Alejandro$32001649 702 #1 $aRodrigues,$bIsabel Maria Dâmaso,$f1966-$4727$31433887 801 #0 $aPT$bBN$gRPC 966 ## $lBN$mFGMON$x1 971 ## $cisantos$d20260625
|
|
|